Mesopotamia The last phase (Record no. 552229)

000 -LEADER
fixed length control field 00346nam a22001337a 4500
082 ## - DEWEY DECIMAL CLASSIFICATION NUMBER
Classification number 940.400956
Author Mark BUR
-- Burne, AH.
100 ## - MAIN ENTRY--PERSONAL NAME
Personal name Burne, AH.
9 (RLIN) 49454
245 ## - TITLE STATEMENT
Title Mesopotamia The last phase
260 ## - PUBLICATION, DISTRIBUTION, ETC.
Place of publication, distribution, etc. London
Name of publisher, distributor, etc. Burne, AH.
Date of publication, distribution, etc. 1936
300 ## - PHYSICAL DESCRIPTION
Extent 120p.:
Other physical details ill:
526 ## - STUDY PROGRAM INFORMATION NOTE
Program name 0
Interest level 0
Reading level 0
Title point value 940_400956000000000_BUR
650 ## - SUBJECT ADDED ENTRY--TOPICAL TERM
Topical term or geographic name entry element MCE
9 (RLIN) 379
942 ## - ADDED ENTRY ELEMENTS (KOHA)
Source of classification or shelving scheme
Koha item type Book
Holdings
Withdrawn status Lost status Source of classification or shelving scheme Damaged status Not for loan Permanent Location Current Location Date acquired Total Checkouts Full call number Barcode Date last seen Price effective from Koha item type
          Military College of Engineering (MCE) Military College of Engineering (MCE) 01/12/2015   940.400956 BUR MCE-ECM/116 01/12/2015 01/12/2015 Book
© 2023 Central Library, National University of Sciences and Technology. All Rights Reserved.